Principles of Marketing / Enhanced Media Edition (Record no. 6175)
[ view plain ]
| 000 -LEADER | |
|---|---|
| fixed length control field | 01362cam a22002294a 4500 |
| 005 - ΗΜΕΡΟΜΗΝΙΑ ΚΑΙ ΩΡΑ ΤΕΛΕΥΤΑΙΑΣ ΕΝΗΜΕΡΩΣΗΣ | |
| Πεδίο ελέγχου | 20250605164235.0 |
| 008 - FIXED-LENGTH DATA ELEMENTS--GENERAL INFORMATION | |
| Πεδίο ελέγχου σταθερού μήκους | 250528s ||||||||||||||||||||||||d |
| 035 ## - SYSTEM CONTROL NUMBER | |
| System control number | 21106 |
| 020 ## - ISBN | |
| ISBN | 9780273695592 |
| 040 ## - ΠΗΓΗ ΚΑΤΑΛΟΓΟΓΡΑΦΗΣΗΣ | |
| Φορέας πρωτότυπης καταλογογράφησης | MC Athens Campus Library |
| Γλώσσα καταλογογράφησης | Ελληνικά, Μοντέρνα (1453-) |
| Modifying agency | MC Athens Campus Library |
| Κανόνες περιγραφικής καταλογογράφησης | AACR2 |
| 245 1# - ΤΙΤΛΟΣ ΚΑΙ ΔΗΛΩΣΗ ΥΠΕΥΘΥΝΟΤΗΤΑΣ | |
| Τίτλος | Principles of Marketing / Enhanced Media Edition |
| 250 ## - EDITION STATEMENT | |
| Edition statement | 4th |
| 260 ## - PUBLICATION, DISTRIBUTION, ETC. | |
| Name of publisher, distributor, etc. | Prentice Hall, |
| Date of publication, distribution, etc. | 2006 |
| 300 ## - PHYSICAL DESCRIPTION | |
| Extent | 1264 |
| 505 0# - FORMATTED CONTENTS NOTE | |
| Formatted contents note | Marketing and Its Environment, The Marketing Mix and IMC, The European Marketing, Environment, Customers and Markets, B2B bying Behaviour, Marketing Information and Research, Product, Product Management, Price, Retailers and Wholesalers, Place, Promotion, Advertising, Sales Promotion, Public Relations and Sponsorship, Marketing Management, Services and non-profit Marketing, E-marketing and New Media. |
| 520 ## - SUMMARY, ETC. | |
| Summary, etc. | Marketing and Its Environment, The Marketing Mix and IMC, The European Marketing, Environment, Customers and Markets, B2B bying Behaviour, Marketing Information and Research, Product, Product Management, Price, Retailers and Wholesalers, Place, Promotion, Advertising, Sales Promotion, Public Relations and Sponsorship, Marketing Management, Services and non-profit Marketing, E-marketing and New Media. |
| 700 1# - ΠΡΟΣΘΕΤΗ ΑΝΑΓΡΑΦΗ--ΦΥΣΙΚΟ ΠΡΟΣΩΠΟ | |
| Personal name | Brassington Frances |
| 9 (RLIN) | 1768 |
| 700 1# - ΠΡΟΣΘΕΤΗ ΑΝΑΓΡΑΦΗ--ΦΥΣΙΚΟ ΠΡΟΣΩΠΟ | |
| Personal name | Pettitt Stephen |
| 9 (RLIN) | 1769 |
| 942 ## - ADDED ENTRY ELEMENTS (KOHA) | |
| Koha item type | Books |
| Τύπος τεκμηρίου | Βιβλιοθήκη | Τρέχουσα τοποθεσία | Barcode | Αριθμός εισαγωγής | Ημερομηνία απόκτησης | Ταξιθετικό σύμβολο | Αριθμός αντιτύπου | Κατάσταση απόσυρσης | Κατάσταση χαμένου | Κατάσταση κατεστραμμένου | Μη δανεισμός | Σύνολο δανεισμών | Ημερομηνία τελευταίας εμφάνισης | Η τιμή ισχύει από |
|---|---|---|---|---|---|---|---|---|---|---|---|---|---|---|
| Books | MC Athens Campus Library | MC Athens Campus Library | 9780000061744 | 2246 | 05/06/2025 | 658.8 BRA | 1 | 05/06/2025 | 05/06/2025 |